The letters #1 / Suzanne Woods Fisher.
Available copies
- 3 of 3 copies available at LARL/NWRL Consortium.
- 1 of 1 copy available at Lake Agassiz Regional Library. (Show preferred library)
Current holds
0 current holds with 3 total copies.
Show Only Available Copies
| Location | Call Number / Copy Notes | Barcode | Shelving Location | Status | Due Date |
|---|---|---|---|---|---|
| Fosston Public Library | C FIS (Text) | 33500011027133 | Main | Available | - |
| Hallock Public Library | FIS (Text) | 35500005356173 | Main | Available | - |
| Thief River Falls Public Library | FIS (Text) | 35500005432958 | Main | Available | - |
Record details
- ISBN: 9780800720933 (paper)
- ISBN: 0800720938 (paper)
- Physical Description: pages cm.
- Publisher: Grand Rapids, MI : Revell, 2013.
Search for related items by subject
| Subject: | Amish > Fiction. Mennonites > Fiction. Bed and breakfast accommodations > Fiction. |
| Genre: | Christian fiction. Love stories. Allegories. |
Search for related items by series
| LDR | 01653cam a22004458i 4500 | ||
|---|---|---|---|
| 001 | 154145 | ||
| 003 | LARL_NWRL_CONSORTIUM | ||
| 005 | 20130705120035.0 | ||
| 008 | 130411s2013 miu 000 1 eng | ||
| 010 | . | ‡a2013012106 | |
| 020 | . | ‡a9780800720933 (paper) | |
| 020 | . | ‡a0800720938 (paper) | |
| 035 | . | ‡a(OCoLC)813916280 | |
| 040 | . | ‡aDLC ‡beng ‡erda ‡cDLC ‡dBTCTA ‡dBDX ‡dOCLCO ‡dUPZ ‡dOCLCQ | |
| 042 | . | ‡apcc | |
| 050 | 0 | 0. | ‡aPS3606.I78 ‡bL48 2013 |
| 082 | 0 | 0. | ‡a813/.6 ‡223 |
| 100 | 1 | . | ‡aFisher, Suzanne Woods. ‡0(LARL_NWRL_CONSORTIUM)213170 |
| 245 | 1 | 4. | ‡aThe letters ‡n#1 / ‡cSuzanne Woods Fisher. |
| 260 | . | ‡aGrand Rapids, MI : ‡bRevell, ‡c2013. | |
| 300 | . | ‡apages cm. | |
| 336 | . | ‡atext ‡btxt ‡2rdacontent | |
| 337 | . | ‡aunmediated ‡bn ‡2rdamedia | |
| 338 | . | ‡avolume ‡bnc ‡2rdacarrier | |
| 490 | 0 | . | ‡aInn at Eagle Hill ; ‡v#1 |
| 650 | 0. | ‡aAmish ‡vFiction. ‡0(LARL_NWRL_CONSORTIUM)163281 | |
| 650 | 0. | ‡aMennonites ‡vFiction. ‡0(LARL_NWRL_CONSORTIUM)166142 | |
| 650 | 0. | ‡aBed and breakfast accommodations ‡vFiction. ‡0(LARL_NWRL_CONSORTIUM)163677 | |
| 655 | 7. | ‡aChristian fiction. ‡2gssafd | |
| 655 | 7. | ‡aLove stories. ‡2gsafd | |
| 655 | 7. | ‡aAllegories. ‡2gsafd | |
| 948 | . | ‡hNO HOLDINGS IN LAL - 18 OTHER HOLDINGS | |
| 994 | . | ‡aZ0 ‡bLAL | |
| 901 | . | ‡a154145 ‡bOCLC ‡c154145 ‡tbiblio | |

Add to basket
Permalink
Disable Highlighting